000
00280 a2200145 4500
001
60473
020
_a
040
_c
Anchieta - Pituba
240
1
0
_a
A nossa fé
_l
por
245
1
0
_a
A nossa fé
300
_a
65
362
0
_a
1984
650
4
_a
Salvação, graça
942
_c
BK
999
_c
60473
_d
60473